Induced fish breeding in southeast Asia: report of a workshop held in Singapore, 25-28 November 1980

保存先:
書誌詳細
主要な著者: Davy, F. Brian (著者), Chounard, Amy (著者)
フォーマット: 図書
言語:英語
出版事項: Ottawa International Development Research Centre 1981
シリーズ:IDRC, 178e
主題:
タグ: タグ追加
タグなし, このレコードへの初めてのタグを付けませんか!

MARC

LEADER 00000nam a2200000 a 4500
001 UCV5360
003 CL-VaPUC
008 930506e19810000CN |||||||||||||||||eng|d
082 0 4 |a 639.3095  |b DAV  |2 21 
100 0 |a Davy, F. Brian  |e author  |9 299693 
700 0 |a Chounard, Amy  |e author  |9 299694 
245 1 0 |a Induced fish breeding in southeast Asia: report of a workshop held in Singapore, 25-28 November 1980 
300 |a 48 p 
942 |c BK 
945 |d 19930506 00:00:00 
260 |a Ottawa  |b International Development Research Centre  |c 1981 
650 7 |a PECES MEJORAMIENTO  |2 CL-VaPUC  |9 261459 
583 |a last modification  |c 19930506 00:00:00  |k Rodrigo Vera 
490 0 |a IDRC, 178e 
999 |c 211910  |d 211908 
952 |0 0  |1 0  |4 0  |6 639_309500000000000_DAV_1981  |7 0  |8 CCM  |9 191940  |a BIBCUR  |b BIBCUR  |d 2019-11-14  |i 2594765  |o 639.3095 DAV 1981  |p 2594765  |r 2025-04-22  |w 2019-11-14  |y BK  |k CIM